| 000 | 00000nas##2200000za#4500 |
| 001 | 9.513063 |
| 003 | CaOODSP |
| 005 | 20210615082737 |
| 007 | ta |
| 008 | 150406c2001||||xxc|| m #||||f| |0fre|d |
| 040 | |aCaOODSP|bfre |
| 043 | |an-cn--- |
| 086 | 1 |aH113-7F |
| 110 | 1 |aCanada.|bSanté Canada. |bAgence de réglementation de la lutte antiparasitaire. |
| 245 | 10|aNote réglementaire |
| 260 | |aOttawa - Ontario : |bSanté Canada. |
| 310 | |aIrrégulier |
| 520 | 3 |aCes Notes réglementaires présentent un résumé des données examinées et un exposé raisonné de la décision rendue concernant ces produits. |
| 563 | |aPolycopié |
| 691 | 07|aParasite|2gcpds |
| 691 | 07|aRéglementation|2gcpds |
| 775 | 08|tRegulatory note |w(CaOODSP)9.514702 |
| 776 | 0#|tNote réglementaire |w(CaOODSP)9.500880 |